Histoire d'Angleterre - Statistiques

Statistiques générales
  • Ce quiz a été pris 81 fois
  • Le résultat moyen est 9 sur 15
Statistiques - réponses
Question Réponse % Correct
Quel est le surnom de la reine Marie Ier, que l'on a tenté d'évincer du trône car elle était catholique, et qui brûla vif 280 réformateurs protestants durant la période qu'on appelle aujourd'hui les persécutions mariales ? Bloody Mary
86%
Quel empereur construisit le mur qui sépare l'Angleterre de l'Écosse pour se protéger des attaques Pictes ? Hadrien
86%
Qui a créé l'expression "rideau de fer", en faisant référence à la frontière physique et morale entre l'Est et l'Ouest durant la Guerre Froide ? Winston Churchill
85%
Quel roi a divorcé avec la papauté pour fonder l'Église d'Angleterre, dont le chef suprême est encore aujourd'hui le monarque du Royaume-Uni ? Henri VIII
77%
Quel est le nom de l'acte promulgué par le roi Jean sans Terre en 1215, qui a mis fin à la guerre civile déclenchée par ses défaites répétées face à la France, et qui garantit notamment aux barons que le roi ne pourra pas lever de nouveaux impôts sans leur accord ? La Grande Charte, "Magna Carta"
66%
Pourquoi Édouard VIII, qui fut roi durant 326 jours, a-t-il abdiqué avant même son couronnement ? Il voulait épouser une femme divorcée.
61%
Comment appelle-t-on la tentative d'attentat par un groupe catholique contre le roi Jacques Ier et le Parlement anglais, dont la mise en échec et la sauvegarde de la monarchie sont fêtées tous les 5 novembre en Angleterre lors de la Guy Fawkes Night ? La conspiration des poudres
61%
Quel roi a fait construire l’abbaye de Westminster et aurait promis la couronne d’Angleterre à Guillaume le Conquérant, ce qui mit fin à la dynastie des rois saxons ? Édouard le Confesseur
59%
Sous quel Premier ministre britannique a eu lieu la guerre des Malouines, conflit qui a opposé le Royaume-Uni à l’Argentine, tous deux revendiquant ces archipels ? Margareth Tatcher
59%
Quelle nouvelle dynastie est alors montée sur le trône ? Les Hanovriens
58%
La seconde révolution de 1688, appelée Glorious Revolution, renverse le roi Jacques II et met fin à la dynastie des Stuart. Qu'est-ce que le Parlement lui reprochait ? Les trois
44%
Quel roi a-t-on décapité en 1649, lors de la révolution qui a donné le pouvoir à Oliver Cromwell ? Charles Ier
39%
Quand la construction de Stonehenge a-t-elle débuté ? Il y a 5000 ans
38%
Comment appelle-t-on depuis 400 ans le clivage gauche-droite du Parlement britannique ? Les partis whig et tory
38%
Marie Stuart, reine d'Écosse et de France, a perdu sa couronne et a été la prisonnière de sa rivale Elizabeth Ire, reine d'Angleterre, durant 20 ans avant d'être exécutée. Quelle est la raison officielle de sa captivité ? Marie Stuart a assassiné son mari, le roi consort d'Écosse Lord Darnley, à l'aide de son amant Lord Bothwell dont l'ambition première était d'obtenir la couronne.
20%
Aucun quiz correspondant
Distribution des résultats
% des personnes avec chaque résultat
Percentile par nombre de réponses
Votre historique - résultats
Vous n’avez pas pris ce quiz